01991naa a2200253 a 450000100080000000500110000800800410001910000210006024501170008126000090019852012290020765300200143665300210145665300180147765300240149565300300151965300290154965300130157865300110159170000200160270000170162270000260163977300720166510825892011-12-14 2011 bl uuuu u00u1 u #d1 aARRUDA, D. S. R. aM??todos de avalia????o de massa de forragem em pastagens de capim-estrela submetidas a intensidades de pastejo. c2011 aO experimento foi conduzido para comparar a efici??ncia dos m??todos do disco medidor de forragem (DMF), o bast??o graduado (BG), a r??gua e o medidor de capacit??ncia (MC), utilizados em estimativas da massa de forragem (MF) em pastagens. Os instrumentos foram empregados em pastagens de capim-estrela (Cynodon nlemfuensis Vanderyst var. nlemfuensis) usadas sob condi????es de pastejo cont??nuo, taxa de lota????o vari??vel e em diferentes alturas do pasto. O delineamento foi o inteiramente ao acaso com duas repeti????es e os tratamentos foram quatro alturas do pasto: 5, 10, 15 e 20cm. A altura do pasto nos piquetes foi mantida por ajustes da taxa de lota????o, usando-se novilhas da ra??a Nelore (Bos indicus). As avalia????es nos pastos foram realizadas em per??odos mensais, de 7/11/2007 a 26/4/2008. A efetividade de cada m??todo para quantificar a MF foi avaliada por equa????o de regress??o. O MC n??o apresentou resultados consistentes. Os valores obtidos de coeficiente de determina????o para avalia????o da MF foram baixos e inferiores a 0,63 com o BG, DMF e com a r??gua. Medi????es de MF em pastos de capim-estrela sob pastejo cont??nuo podem ser realizadas preferivelmente com o DMF, ou com o BG e a r??gua. aAltura do pasto aBast??o graduado aCapim-estrela aCynodon nlemfuensis aDisco medidor de forragem aMedidor de capacit??ncia aPastagem aR??gua1 aCANTO, M. W. do1 aJOBIM, C. C.1 aCARVALHO, P. C. de F. tCi??ncia Rural, Santa Mariagv. 41, n. 11, p. 2004-2009, nov. 2011.